Sports Quiz

Random Sports or Basketball Quiz

NBA championships with 2 or more teams Quiz Stats

 Plays Quiz not verified by Sporcle

Challenge
Share
Tweet
Embed
Score 0/32 Timer 10:00
0 Plays Today
Teams Player % Correct
Rockets, Lakers, SpursRobert Horry
88.6%
Lakers, HeatShaquille O'Neal
82.8%
Pistons, BullsDennis Rodman
76.4%
Bulls, SpursSteve Kerr
70%
Bucks, LakersKareem Abdul-Jabbar
68.2%
76ers, LakersWilt Chamberlain
63.1%
Supersonics, CelticsDennis Johnson
61.8%
Warriors, BulletsCharles Johnson
61.5%
Trailblazers, CelticsBill Walton
58.1%
Bulls, LakersRon Harper
54.1%
Bulls, LakersHorace Grant
46.7%
Heat, CelticsJames Posey
45.4%
Celtics, BullsRobert Parish
44.3%
Pistons, Bulls, LakersJohn Salley
40.1%
Rockets, CelticsSam Cassell
35.3%
Lakers, PistonsLindsey Hunter
27.9%
Teams Player % Correct
Bulls, SpursWill Perdue
27.6%
Rockets, SpursMario Elie
26.8%
Trailblazers, SupersonicsWally Walker
25.7%
Pistons, BullsJames Edwards
18%
Warriors, LakersJamaal Wilkes
13%
Warriors, HawksBuddy Davis
11.9%
Bucks, BulletsBob Dandridge
11.4%
Lakers, HawksSlater Martin
10.3%
Celtics, SupersonicsPaul Silas
9.5%
Celtics, PistonsGerald Henderson
7.4%
Bullets, LakersMitch Kupchak
5.6%
Lakers, CelticsClyde Lovellette
5.3%
Royals, CelticsArnie Risen
2.1%
76ers, RocketsEarl Cureton
2.1%
Royals, LakersFrank Saul
1.6%
Royals, HawksJack Coleman
1.6%

You're not logged in!

Compare scores with friends on all Sporcle quizzes.
OR
Log In

You Might Also Like...

Show Comments

Extras

Top Quizzes Today


Score Distribution

Your Account Isn't Verified!

In order to create a playlist on Sporcle, you need to verify the email address you used during registration. Go to your Sporcle Settings to finish the process.

Report this User

Report this user for behavior that violates our Community Guidelines.

Details: